| 000 | 01106nam a2200229Ia 4500 | ||
|---|---|---|---|
| 003 | OSt | ||
| 005 | 20210528100230.0 | ||
| 008 | 210310s1994 ck gr 000 0 spa d | ||
| 040 |
_aCO-JMCR _cCO-JMCR |
||
| 041 | 0 | _aspa | |
| 082 | 0 | 4 |
_a331.12 / _bC671p _223 |
| 110 | 2 |
_aColombia. _bMinisterio de Trabajo y Seguridad Social _97958 |
|
| 245 | 1 | 0 |
_aPolíticas y modernización económica proyecto Colombia : _bProyecto Col./90/007 / _cMinisterio del Trabajo y Seguridad Social ; Alberto Corchuelo Rozo, Fernando Urrea Giraldo |
| 260 |
_aBogotá : _bOrganización Internacional del Trabajo, _c1994. |
||
| 300 |
_a2 volúmenes ; _b28 cm. |
||
| 500 | 0 | _aInforme final. Mercados laborales en dos regiones: Centro del valle y área metropolitana de Cali y municipios circunvecinos aspectos metodológicos, diagnostico y formulación de políticas de empleo. | |
| 650 | 1 | 4 |
_aInforme _xMercados laborales _zColombia _937996 |
| 650 | 2 | 4 |
_aMercados laborales _xMetodología _937997 |
| 700 | 1 |
_aCorchuelo Rozo, Alberto, _eCoautor _937998 |
|
| 700 | 1 |
_aUrrea Giraldo, Fernando, _eCoautor _937999 |
|
| 942 |
_2ddc _cBK |
||
| 999 |
_c11802 _d11802 |
||